|
|
|
|
| LEADER |
00000naa2a2200000 4500 |
| 001 |
153885 |
| 005 |
20250110122455.0 |
| 035 |
|
|
|a (RuTPU)RU\TPU\book\166932
|
| 090 |
|
|
|a 153885
|
| 100 |
|
|
|a 20090218d2008 k y0rusy50 ca
|
| 101 |
0 |
|
|a rus
|
| 102 |
|
|
|a RU
|
| 200 |
1 |
|
|a Импульсная фотолюминесценция γ-окрашенных кристаллов CsI(TI)
|f А. А. Мелешко, В. Ю. Яковлев
|g науч. рук. В. Ю. Яковлев
|
| 320 |
|
|
|a Библиогр.: 2 назв.
|
| 463 |
|
0 |
|0 (RuTPU)RU\TPU\book\161548
|t Перспективы развития фундаментальных наук
|o труды V Международной конференции студентов и молодых ученых, 20-23 мая 2008 г., Томск
|f Томский политехнический университет (ТПУ)
|v С. 62-64
|d 2008
|p 334 с.
|
| 610 |
1 |
|
|a фотолюминесценция
|
| 610 |
1 |
|
|a кристаллы
|
| 610 |
1 |
|
|a ионизирующие излучения
|
| 610 |
1 |
|
|a сцинтилляторы
|
| 610 |
1 |
|
|a излучение
|
| 610 |
1 |
|
|a монокристаллы
|
| 610 |
1 |
|
|a кинетика
|
| 610 |
1 |
|
|a спектры
|
| 610 |
1 |
|
|a свечение
|
| 610 |
1 |
|
|a энергетические уровни
|
| 610 |
1 |
|
|a труды учёных ТПУ
|
| 700 |
|
1 |
|a Мелешко
|b А. А.
|c специалист в области светотехники
|c ассистент, доцент Томского политехнического университета, кандидат физико-математических наук
|f 1983-
|g Анна Алексеевна
|y Томск
|3 (RuTPU)RU\TPU\pers\37814
|9 20528
|
| 701 |
|
1 |
|a Яковлев
|b В. Ю.
|c специалист в области светотехники
|c профессор Томского политехнического университета, доктор физико-математических наук
|f 1949-
|g Виктор Юрьевич
|3 (RuTPU)RU\TPU\pers\22024
|9 9321
|
| 702 |
|
1 |
|a Яковлев
|b В. Ю.
|c специалист в области светотехники
|c профессор Томского политехнического университета, доктор физико-математических наук
|f 1949-
|g Виктор Юрьевич
|4 727
|9 9321
|
| 801 |
|
1 |
|a RU
|b 63413507
|c 20090218
|g PSBO
|
| 801 |
|
2 |
|a RU
|b 63413507
|c 20170124
|g RCR
|
| 942 |
|
|
|c BK
|